00979nam a2200241 a 4500008004100000020003200041040002500073041001300098044001100111080001400122080001800136100003500154245011400189250001300303260004900316300002800365500017300393700002900566700002400595958000600619999001700625952009500642951213s1984||||[C 0 slo c c16 Kčs. q(18000 výtl.) aSNKbslocSNKeAACR21 aslohrus axocSK a947"1983" a327.323"1913"1 aLenin, Vladimir Iľjič4aut10aZobrané spisy. /Zv./ 23bMarec-september 1913cVladimir Iľjič Lenin ; Eva Piovarcsyová, Oto Takáč a2., vyd. aBratislavabPravdac1984eBratislavafPravda a712 s., 29,29 AHc21 cm aLit. 230. Faksim. rkp. Poznn. Zozn. nenájdených prác V.I. Lenina. Reg. lit. prác a prameňov a men. Životopisné údaje. 230 zázn. v slov., ruš. a nem.1 aPiovarcsyová, Eva4trl1 aTakáč, Oto4bkd aA c15444d15444 011040708Ka10000b10000d2019-11-29g16.00i14469oK 022r2019-11-29w2019-11-29yOLDO